[Event "Alfeld Bezirk 3-ch"]
[Site "Alfeld"]
[Date "2005.10.03"]
[Round "5"]
[White "Weber, Frank"]
[Black "Heilmann, Matthias"]
[Result "0-1"]
[WhiteElo "1656"]
[BlackElo "1755"]
[PlyCount "69"]
[EventDate "2005.10.01"]
[EventType "swiss"]
[EventRounds "5"]
[EventCountry "GER"]
[SourceTitle "EXT 2007"]
[Source "ChessBase"]
[SourceDate "2006.11.23"]
[SourceVersion "1"]
[SourceVersionDate "2006.11.23"]
[SourceQuality "1"]

1. b3 e5 2. Bb2 f6 3. e3 d5 4. Be2 Be6 5. Nf3 Bd6 6. c4 c6 7. d3 Ne7 8. Nbd2 Nd7 9. Qc2 Qc7 10. a3 c5 11. cxd5 Nxd5 12. Nc4 Be7 13. a4 Nb4 14. Qc1 Bf5 15. Qd2 Rd8 16. Nh4 Bxd3 17. Bxd3 Nb6 18. Nd6+ Rxd6 19. Bb5+ Kf7 20. Qe2 Rhd8 21. 0-0 g6 22. Rad1 a6 23. Bc4+ Nxc4 24. Qxc4+ Kf8 25. Rxd6 Qxd6 26. Bc3 Qd5 27. Rb1 Qd1+ 28. Qf1 Qxf1+ 29. Kxf1 Nc6 30. Nf3 Rd3 31. Rc1 b5 32. axb5 axb5 33. Ke2 e4 34. Nd2 f5 35. Ra1 0-1

[Event "Alfeld Bezirk 3-ch"]
[Site "Alfeld"]
[Date "2005.10.01"]
[Round "1"]
[White "Heilmann, Matthias"]
[Black "Kobs, Stephan"]
[Result "0-1"]
[WhiteElo "1755"]
[BlackElo "1972"]
[PlyCount "74"]
[EventDate "2005.10.01"]
[EventType "swiss"]
[EventRounds "5"]
[EventCountry "GER"]
[SourceTitle "EXT 2007"]
[Source "ChessBase"]
[SourceDate "2006.11.23"]
[SourceVersion "1"]
[SourceVersionDate "2006.11.23"]
[SourceQuality "1"]

1. e4 c5 2. f4 d5 3. e5 Nc6 4. Nf3 Bf5 5. Bb5 e6 6. c3 Nge7 7. d4 a6 8. Bxc6+ Nxc6 9. Be3 cxd4 10. Nxd4 Nxd4 11. Qxd4 Rc8 12. Qb6 Qd7 13. Nd2 Rc6 14. Qb3 Be7 15. 0-0 0-0 16. Nf3 Rc4 17. Nd2 Rcc8 18. Rac1 Rfd8 19. Nf3 Bd3 20. Rf2 Bc5 21. Bxc5 Rxc5 22. Qd1 Be4 23. Nd4 Rdc8 24. Qg4 Rc4 25. Rd1 b5 26. a3 a5 27. Qh3 b4 28. axb4 axb4 29. cxb4 Rxb4 30. Qa3 Rbc4 31. Rfd2 Ra4 32. Qe3 Qa7 33. b3 Ra2 34. Qf2 Rxd2 35. Rxd2 Qa1+ 36. Qf1 Rc1 37. Rd1 Rxd1 0-1